Guía Para Elaborar la Tesis / Santiago Zorrilla Arena (Registro nro. 12872)
[ vista simple ]
| 000 -LÍDER | |
|---|---|
| fixed length control field | 00553nam a2200181 4500 |
| 008 - ELEMENTOS DE LONGITUD FIJA -- INFORMACIÓN GENERAL | |
| fixed length control field | 01992 0a 000 0MEX |
| 020 ## - NÚMERO INTERNACIONAL NORMALIZADO PARA LIBROS | |
| ISBN | 970-10-0139-7 |
| 050 ## - SIGNATURA TOPOGRAFICA DE LA BIBLIOTECA DEL CONGRESO (LC) | |
| Número de Clasificación | LB2369 Z67 1992 |
| 082 ## - NUMERO DE CLASIFICACION DECIMAL DEWEY | |
| Número de Clasificación | 001.42 Z398g |
| 100 ## - ASIENTO PRINCIPAL--NOMBRE PERSONAL | |
| Nombre personal | Zorrilla Arena, Santiago |
| 245 ## - TÍTULO | |
| Título | Guía Para Elaborar la Tesis / Santiago Zorrilla Arena |
| 250 ## - MENCIÓN DE EDICIÓN | |
| Mención de edición | 2 / |
| 260 ## - PUBLICACIÓN, DISTRIBUCIÓN, ETC. (PIE DE IMPRENTA) | |
| Lugar de publicación, distribución, etc. | México : McGraw-Hill |
| 300 ## - DESCRIPCIÓN FÍSICA | |
| Extensión | 111 p. / 23 cm. |
| 500 ## - NOTA GENERAL | |
| Nota general | Incluye Bibliografía. |
| 650 ## - ASIENTO SECUNDARIO DE MATERIA - TERMINO TEMÁTICO | |
| Término temático o nombre geográfico como elemento de entrada | 1. INVESTIGACIÓN-METODOLOGÍA \ 2. TESIS ACADEMICAS |
| 700 ## - ASIENTO SECUNDARIO - NOMBRE PERSONAL | |
| Nombre personal | Torres Xammar, Miguel |
| No. biblioteca | No. biblioteca | Número de clasificación | Código de barras/Número de adquisición | Número de copia | Tipo de material |
|---|---|---|---|---|---|
| LUIS G. INCLAN | LUIS G. INCLAN | 001.42 Z398g | 20662 | 5 | Libros |
| LUIS G. INCLAN | LUIS G. INCLAN | 001.42 Z398g | 27566 | 6 | Libros |
| LUIS G. INCLAN | LUIS G. INCLAN | 001.42 Z398g | 30635 | 8 | Libros |
| LUIS G. INCLAN | LUIS G. INCLAN | 001.42 Z398g | 30636 | 9 | Libros |
